Europa: Geografie mit P - Statistiken

Allgemein
  • Dieses Quiz wurde 224 mal gespielt
  • Das Durchschnittsergebnis liegt bei 11 aus 18
Antwortstatistiken
Hinweis Antwort % Korrekt
In diesem Land befindet sich mit dem Cabo da Roca der westlichste Punkt auf dem europäischen Festland Portugal
99%
Hauptstadt der Insel Mallorca {Palma} de Mallorca
93%
Hauptstadt und größte Stadt Siziliens Palermo
83%
In dieser Stadt verbindet die Karlsbrücke die Altstadt mit der Kleinseite Prag
83%
Nenne eine der beiden größten Städte im Kosovo Pristina | Prizren
81%
Gebirge, das die Grenze zwischen Frankreich und der Iberischen Halbinsel bildet Pyrenäen
80%
Dieser Platz, einer der bekanntesten der Welt, befindet sich im kleinsten Land der Welt Petersplatz
78%
Park in Wien, der bei Touristen vor allem für sein Riesenrad bekannt ist Prater
78%
Platz im Londoner West End, der unter anderem für seine Leuchtreklametafeln bekannt ist {Piccadilly} Circus
71%
Der größte See Miteeleuropas heißt auf Ungarisch "Balaton" Plattensee
71%
Stadt in der südenglischen Grafschaft Devon, von der aus die Pilgerväter nach Amerika aufgebrochen sind Plymouth
58%
Große historische Region im Südosten Frankreichs, in deren Zentrum die Stadt Aix liegt und zu der auch die Camargue und die Côte d'Azur gehören Provence
55%
Die Hauptstadt der polnischen Woiwodschaft Großpolen hat über eine halbe Million Einwohner Poznań
53%
Region im Nordwesten Italiens mit der Hauptstadt Turin Piemont
51%
Region an der Ostsee, die heute zu Deutschland und Polen gehört und in der die Städte Stralsund, Stettin und Danzig liegen Pommern
51%
Auf dieser Halbinsel befinden sich die in der Antike bedeutenden Orte Mykene, Sparta und Olympia Peloponnes
43%
Stadt im Nordwesten Ungarns, in der sich die zum UNESCO-Weltkulturerbe gehörende Erzabtei Martinsberg befindet und deren Name auf eine ehemalige römische Provinz in dieser Region zurückgeht {Pannon}halma
10%
See zwischen Estland und Russland, auf dem 1242, als er zugefroren war, eine Schlacht zwischen Russen und dem Deutschen Orden stattfand {Peipus}see
10%
Keine übereinstimmenden Quizze gefunden
Verteilung der Resultate
Anzahl Personen mit jedem Resultat
Perzentil nach korrekt beantworteten Fragen
Ihre Resultats-Entwicklung
Sie haben dieses Quiz noch nicht gespielt